Minnie and Moo, wanted dead or alive / by Denys Cazet.
Trying to help Mr. Farmer with his finances, Minnie and Moo go to the bank to ask for money and are mistaken for the Bazooka sisters, dangerous outlaws.
Record details
- ISBN: 0060730102
- ISBN: 0060730110
- ISBN: 9780060730109 (trade bdg.)
- ISBN: 9780060730116 (lib. bdg.)
- Physical Description: 47 pages : illustrations ; 24 cm.
- Edition: 1st edition
- Publisher: New York : HarperCollinsPublishers, 2006.
Search for related items by subject
| Subject: | Cows > Fiction. Outlaws > Fiction. |
Search for related items by series
| LDR | 01044pam a2200301 a 4500 | ||
|---|---|---|---|
| 001 | 130199 | ||
| 003 | CONS | ||
| 005 | 20140703073305.0 | ||
| 008 | 050523s2006 nyu b 000 1 eng | ||
| 010 | . | ‡a 2005014526 | |
| 020 | . | ‡a0060730102 | |
| 020 | . | ‡a0060730110 | |
| 020 | . | ‡a9780060730109 (trade bdg.) | |
| 020 | . | ‡a9780060730116 (lib. bdg.) | |
| 035 | . | ‡a(CPomAG)LMN500159 | |
| 050 | 0 | 0. | ‡aPZ7.C2985 |
| 082 | 0 | 0. | ‡a[E] ‡222 |
| 100 | 1 | . | ‡aCazet, Denys. |
| 245 | 1 | 0. | ‡aMinnie and Moo, wanted dead or alive / ‡cby Denys Cazet. |
| 250 | . | ‡a1st edition | |
| 260 | . | ‡aNew York : ‡bHarperCollinsPublishers, ‡c2006. | |
| 300 | . | ‡a47 pages : ‡billustrations ; ‡c24 cm. | |
| 440 | 0. | ‡aI can read book | |
| 520 | . | ‡aTrying to help Mr. Farmer with his finances, Minnie and Moo go to the bank to ask for money and are mistaken for the Bazooka sisters, dangerous outlaws. | |
| 650 | 0. | ‡aCows ‡vFiction. | |
| 650 | 0. | ‡aOutlaws ‡vFiction. | |
| 959 | . | ‡i32269000800188 ‡lE Caz ‡aJuvenile - Easy ‡tEasy ‡g14.00 | |
| 852 | . | ‡p32269000800188 ‡jE Caz ‡gJuvenile - Easy ‡cEasy ‡y14.00 ‡bSBPL | |
| 901 | . | ‡a130199 ‡bUnknown ‡c130199 ‡tbiblio | |